| 000 -LEADER |
| fixed length control field |
00736 a2200253 4500 |
| 003 - CONTROL NUMBER IDENTIFIER |
| control field |
OSt |
| 005 - DATE AND TIME OF LATEST TRANSACTION |
| control field |
20240906160003.0 |
| 008 - FIXED-LENGTH DATA ELEMENTS--GENERAL INFORMATION |
| fixed length control field |
240906b ||||| |||| 00| 0 eng d |
| 020 ## - INTERNATIONAL STANDARD BOOK NUMBER |
| International Standard Book Number |
9789384204181 |
| 040 ## - CATALOGING SOURCE |
| Original cataloging agency |
BMSCA |
| 100 ## - MAIN ENTRY--PERSONAL NAME |
| Personal name |
Council of Architecture |
| 245 ## - TITLE STATEMENT |
| Title |
Archiving architectural thesis 2021 |
| 260 ## - PUBLICATION, DISTRIBUTION, ETC. (IMPRINT) |
| Name of publisher, distributor, etc |
Council of Architecture |
| Place of publication, distribution, etc |
New Delhi |
| Date of publication, distribution, etc |
2023 |
| 300 ## - PHYSICAL DESCRIPTION |
| Extent |
146 pages; |
| Dimensions |
35 cm |
| 650 ## - SUBJECT ADDED ENTRY--TOPICAL TERM |
| Source of heading or term |
Architectural Thesis |
| Topical term or geographic name as entry element |
Architectural Thesis |
| Geographic subdivision |
Architectural Thesis |
| 700 ## - ADDED ENTRY--PERSONAL NAME |
| Personal name |
Deshpande, Jayashree |
| 700 ## - ADDED ENTRY--PERSONAL NAME |
| Personal name |
Ukidve, Manjusha |
| 700 ## - ADDED ENTRY--PERSONAL NAME |
| Personal name |
Kabir, Fatema |
| 700 ## - ADDED ENTRY--PERSONAL NAME |
| Personal name |
Syed, Asif |
| 700 ## - ADDED ENTRY--PERSONAL NAME |
| Personal name |
Vaidya, Chinmayee |
| 700 ## - ADDED ENTRY--PERSONAL NAME |
| Personal name |
Runwal, Yash |
| 700 ## - ADDED ENTRY--PERSONAL NAME |
| Personal name |
Aayojan School of Architecture & Design |
| 942 ## - ADDED ENTRY ELEMENTS (KOHA) |
| Source of classification or shelving scheme |
|